|
|
|
|
| LEADER |
01008nam a22001937a 4500 |
| 082 |
|
|
|a 894.M301
|b VEN3/B N4
|
| 100 |
|
|
|a ടി പി വേണുഗോപാല്;
|9 151681
|
| 100 |
|
|
|a T P Venugopal
|9 151682
|
| 240 |
|
|
|a Bhoomiyude thottakkar
|
| 245 |
|
|
|a ഭൂമിയുടെ തോട്ടക്കാര്
|
| 250 |
|
|
|a 1st
|
| 260 |
|
|
|a Calicut;
|b Mulberry Publications;
|c 1994
|
| 300 |
|
|
|a 66p.
|
| 650 |
|
|
|a മലയാളം; മലയാളം സാഹിത്യം; മലയാളം ചെറുകഥകള്
|9 151683
|
| 650 |
|
|
|a Malayalam; Malayalam Literature; Malayalam Short Stories
|9 151684
|
| 942 |
|
|
|c BK
|
| 999 |
|
|
|c 41819
|d 41819
|
| 952 |
|
|
|0 0
|1 0
|4 0
|6 894_000000000000000_M301_VEN3_B_N4
|7 0
|8 STO
|9 47983
|a MAL
|b MAL
|d 2015-08-06
|e 40715
|g 20.00
|l 0
|o 894.M301 VEN3/B N4
|p MAL040715
|r 2015-08-06
|t 1
|w 2015-08-06
|y BK
|
| 952 |
|
|
|0 0
|1 0
|4 0
|6 894_000000000000000_M301_VEN3_B_N41
|7 0
|8 STO
|9 47984
|a MAL
|b MAL
|d 2015-08-06
|e 40716
|g 20.00
|l 0
|o 894.M301 VEN3/B N4;1
|p MAL040716
|r 2015-08-06
|t 2
|w 2015-08-06
|y BK
|